000
00312nam a2200133Ia 4500
008
240624s9999 xx 000 0 und d
041
_a
eng
082
_a
823 JAM
100
_a
JAMES E L
245
_a
FIFTY SHADES DARKER
260
_c
2012
_a
Australia
_b
Arrow Books
300
_a
532p. ; 20cm.
365
_c
RS
_b
25
999
_c
19893
_d
19893